Úroveň spolupráce v regióne Piešťany medzi samosprávou a kúpeľným podnikom diplomová práca

Uložené v:
Podrobná bibliografia
Hlavný autor: Kajanová, Zuzana
Korporativný autor: Obchodná fakulta EU. Katedra služieb a cestovného ruchu - zrušené
Ďalší autori: Benešová, Dana, 1958-
Médium: Kniha
Jazyk:Slovak
Vydavateľské údaje: Bratislava 2009
Tagy: Pridať tag
Žiadne tagy, Buďte prvý, kto otaguje tento záznam!

MARC

LEADER 00000nam$a2200000$$$4500
001 0099366
005 20240318140349.5
041 0 |a slo 
044 |a SK 
245 1 0 |a Úroveň spolupráce v regióne Piešťany medzi samosprávou a kúpeľným podnikom  |b diplomová práca  |c Zuzana Kajanová ; škol. Dana Benešová 
264 1 |a Bratislava  |c 2009 
300 |a 79 s. 
100 1 |a Kajanová, Zuzana 
700 1 |a Benešová, Dana, 1958- 
710 2 |a Obchodná fakulta EU. Katedra služieb a cestovného ruchu - zrušené